| 000 | 00635nam a2200205Ia 4500 | ||
|---|---|---|---|
| 005 | 20250923145801.0 | ||
| 008 | 008 250917s9999 xx 000 0 eng d | ||
| 037 | _aTextual | ||
| 040 |
_aDSWL _beng _cDSWL |
||
| 041 |
_aeng _2eng |
||
| 084 |
_aYx,Z1;5.1(Y:434), N87 _qDSWL |
||
| 100 |
_aMacpnerson, S. _9838880 |
||
| 245 | 0 |
_aFive hundred million children:poverty and child welfare in the third world _cby S.Macpnerson |
|
| 260 |
_aSusseac _bWheatsheaf Book _c1987 |
||
| 300 | _axiv,226p. | ||
| 365 |
_aGBP _b12.95 |
||
| 925 | _g12.95 | ||
| 942 |
_cTEXL _hYx,Z1;5.1(Y:434), N87 |
||
| 999 |
_c1455660 _d1455660 |
||